00237nam a22000857a 4500008004100000082002100041245003700062260004300099300000900142230623b xxu||||| |||| 00| 0 eng d a330.12bCON 1959 aThe Welfare State in New Zealand aLondonbGeorge Allen & Unwin Ltdc1959 a388p